Every Tove Lo Song on the Billboard Hot 100 - Statistics

General Stats
  • This quiz has been taken 41 times
  • The average score is 3 of 6
Answer Stats
# Year Song % Correct
3 2014 Habits (Stay High)
100%
12 2015 Talking Body
86%
84 2016 Cool Girl
60%
14 2016 Close (Nick Jonas)
43%
31 2015 Heroes (We Could Be) (Alesso)
31%
60 2016 Say It (Flume)
23%
No matching quizzes found
Score Distribution
Percent of People with Each Score
Percentile by Number Answered
Your Score History
You have not taken this quiz